ბათუმის შოთა რუსთაველის სახელმწიფო უნივერსიტეტის ბიბლიოთეკა

Подъёмно-транспортные машины. (ბიბ.ჩანაწერი № 37287)

000 -LEADER
fixed length control field 00663nam a2200229Ia 4500
001 - CONTROL NUMBER
control field 3246
003 - CONTROL NUMBER IDENTIFIER
control field GE_BSU
008 - FIXED-LENGTH DATA ELEMENTS--GENERAL INFORMATION
fixed length control field 181216s||||||||xx |||||||||||||| ||und||
040 ## - CATALOGING SOURCE
Transcribing agency GE_BSU
080 ## - UNIVERSAL DECIMAL CLASSIFICATION NUMBER
Universal Decimal Classification number 621.876.
100 ## - MAIN ENTRY--PERSONAL NAME
Personal name Александров М.П.
245 ## - TITLE STATEMENT
Title Подъёмно-транспортные машины.
245 ## - TITLE STATEMENT
Remainder of title Учебник для вузов.
245 ## - TITLE STATEMENT
Statement of responsibility, etc. Ред. З.Г. Овсянникова.
250 ## - EDITION STATEMENT
Edition statement Изд. 4-е.
260 ## - PUBLICATION, DISTRIBUTION, ETC.
Place of publication, distribution, etc. М.
260 ## - PUBLICATION, DISTRIBUTION, ETC.
Name of publisher, distributor, etc. Высшая школа.
260 ## - PUBLICATION, DISTRIBUTION, ETC.
Date of publication, distribution, etc. 1972.
300 ## - PHYSICAL DESCRIPTION
Extent 504стр.22см.с илл.
653 ## - INDEX TERM--UNCONTROLLED
Uncontrolled term Подъёмно-транспортные машины.
942 ## - ADDED ENTRY ELEMENTS (KOHA)
Koha item type წიგნი
ეგზემპლარები
Withdrawn status Lost status Damaged status Not for loan Date acquired Barcode Date last seen Price effective from Koha item type Public note
        2018-12-17 9884 2018-12-17 2018-12-17 წიგნი დარბაზი